Представление документа в формате MARC21

Поле Инд. ПП Название Значение
Тип записи a
Библиографический уровень b
001 Контрольный номер RU/IS/BASE/354110009
005 Дата корректировки 20200526074512.3
008 Кодируемые данные 20110322
040 b Код языка каталог. rus
e Правила каталог. PSBO
041 0_ a Код языка текста rus
084 a Индекс другой классификации/Индекс ББК 60.561.5; 60.73(0)6; 60.725
100 1_ a Автор Антонов А. И.
q Полное имя Антонов Анатолий Иванович
245 10 a Заглавие Современные демографические тенденции и аналитические прогнозы, проблемы семейно-демографической политики в социальном государстве
504 a Библиография Библиогр.: с. 150
520 a Аннотация В статье описывается распространение малодетности во всех регионах мира и переход к убыли мирового населения после 2070 г. Особое беспокойство вызывает острота демографической ситуации в России, где низкая рождаемость сопровождается низкими показателями средней продолжительности жизни. Главное внимание при активизации демографической политики в России должно быть сосредоточено на повышении рождаемости, на увеличение доли семей с тремя - четырьмя детьми до 50%. Эта задача требует не только улучшения условий жизни, но и прежде всего повышения ценности семейного образа жизни семьи с тремя - четырьмя детьми
650 a Основная рубрика демографическая статистика
a Основная рубрика демография
a Основная рубрика народонаселение
a Основная рубрика социология
a Основная рубрика социология семьи
653 a Ключевые слова XX век
a Ключевые слова XXI век
a Ключевые слова демографическая политика
a Ключевые слова демографическая ситуация
a Ключевые слова демографические процессы
a Ключевые слова демографический прогноз
a Ключевые слова депопуляция населения
a Ключевые слова население мира
a Ключевые слова новейшее время
a Ключевые слова репродуктивное поведение
a Ключевые слова рождаемость
a Ключевые слова Россия
a Ключевые слова семейная политика
a Ключевые слова семья
a Ключевые слова уровень рождаемости
773 08 t Заглавие источника Вестник Московского университета. Серия 18, Социология и политология
d Дата издания источника 2010
g Прочая информация № 4. - С. 134 - 150
w Контрольный № источника RU/IS/BASE/349533681
901 t Тип документа b